Povodí Berounky /
| Hlavní autor: | Podzimek, Josef, 1937- |
|---|---|
| Jazyk: | Ruština Němčina Francouzština Čeština Angličtina |
| Vydáno: |
Praha : Povodí Vltavy, 1980 |
| Vydání: | Vyd. 1. |
| Témata: | |
| Fyzický popis: |
167 s. : il. (některé barev.), mapy, plány, faksim. ; 21 x 31 cm |
| Language note: |
Část. souběžný ruský, anglický, francouzský a německý text |
|
| LEADER | 01470cam a2200397 i 4500 | ||
|---|---|---|---|
| 001 | 001373423 | ||
| 003 | CZ BrMZK | ||
| 005 | 20160122085055.0 | ||
| 007 | ta | ||
| 008 | 140312s1980 xr abehe 000 0 cze | ||
| 020 | |q (Váz.) | ||
| 040 | |a BOA001 |b cze | ||
| 041 | 1 | |a cze |a eng |a fre |a ger |a rus |h cze | |
| 043 | |a e-xr--- |b e-xr-cc |2 czenas | ||
| 072 | 7 | |a 913(437) |x Geografie Česka a Slovenska, reálie, cestování |2 Konspekt |9 7 | |
| 080 | |a 908(437.31-191.2) |2 MRF | ||
| 080 | |a (282.243.31) |2 MRF | ||
| 080 | |a (437.31-15) |2 MRF | ||
| 080 | |a (0.062) |2 MRF | ||
| 080 | |a (084.12) |2 MRF | ||
| 100 | 1 | |a Podzimek, Josef, |d 1937- |7 xx0011432 |4 aut | |
| 245 | 1 | 0 | |a Povodí Berounky / |c Josef Podzimek a kolektiv |
| 250 | |a Vyd. 1. | ||
| 260 | |a Praha : |b Povodí Vltavy, |c 1980 | ||
| 300 | |a 167 s. : |b il. (některé barev.), mapy, plány, faksim. ; |c 21 x 31 cm | ||
| 500 | |a 5000 výt. | ||
| 504 | |a Obsahuje bibliografii | ||
| 546 | |a Část. souběžný ruský, anglický, francouzský a německý text | ||
| 655 | 7 | |a populárně-naučné publikace |7 fd131864 |2 czenas | |
| 655 | 7 | |a fotografické publikace |7 fd132276 |2 czenas | |
| 651 | 7 | |a Berounka (Česko : řeka : oblast) |7 ge128395 |x vlastivěda |2 czenas | |
| 651 | 7 | |a Berounka (Česko : řeka : povodí) |7 ge138581 |x vlastivěda |2 czenas | |
| 910 | |a BOA001 |b 4-1323.245 | ||
| 990 | |a BK | ||
| 991 | |b 201404 |c NOV |e n | ||
| 996 | 6 | |b 2610585162 |c 4-1323.245 |l MZK |r Sklad / do 1 hodiny |n 0 |p dar |w 001408602 |u 000010 |a 1 |e BOA001 |j MZK50 |s P | |
English
Čeština 